000 00702cam a2200217u 4500
003 OSt
005 20171025194024.0
008 850226s1960 enk 000 0 eng
010 _a 60010872
040 _aDDC
_cCarP
_dDDC
082 _a341.481
_222
_bJEN
100 1 _aJenks, C. Wilfred.
_q(Clarence Wilfred),
_d1909-1973.
_95926
245 1 0 _aHuman Rights and International Labour Standards /
_cC Wilfred Jenks.
260 _aLondon,
_bStevens;
_aNew York,
_bPraeger
_c[1960]
300 _a159 p. ;
_c23 cm.
500 _aincludes index
650 0 _aLabor laws and legislation, International.
_95927
650 0 _aHuman rights
_9259
650 0 _aInternational Labour Office.
_95928
942 _2ddc
_cBK
999 _c4852
_d4852